| 000 | 00380 a2200157 4500 | ||
|---|---|---|---|
| 001 | 75537 | ||
| 020 | _a9788516081744 | ||
| 040 | _cAnchieta - Colégio São Paulo | ||
| 100 | _aBandeira, Pedro | ||
| 240 | 1 | 0 |
_aAmor impossível, possível amor _lpor |
| 245 | 1 | 0 | _aAmor impossível, possível amor |
| 300 | _a144 | ||
| 362 | 0 | _a2012 | |
| 650 | 4 | _aLiteratura juvenil | |
| 942 | _cBK | ||
| 999 |
_c75537 _d75537 |
||